Video Game Studios Logos - Statistics

General Stats
  • This quiz has been taken 137 times
  • The average score is 4 of 16
Answer Stats
Picture Answer % Correct
Ubisoft
96%
Electronic Arts
78%
Square Enix
51%
LucasArts
30%
Konami
29%
TellTale Games
28%
Paradox
26%
Kojima Productions
18%
Arkane
16%
IO Interactive
15%
Double Fine
14%
Tango Gameworks
8%
Black Isle
7%
Daedalic
3%
Don't Nod
3%
Ice-Pick Lodge
3%
No matching quizzes found
Score Distribution
Percent of People with Each Score
Percentile by Number Answered
Your Score History
You have not taken this quiz